000 00453nam a2200193Ia 4500
008 210210b1864 xxu||||| |||| 00| 0 eng d
041 _aeng
082 _a230/109
100 _aNEWMAN (John Henry Cardinal)
245 _aAphologia pro vita sua
260 _aLondon
_bLongmans Green and Company
_c1864
300 _axxx,528
650 _avita
650 _asua
650 _apro
650 _aAphologia
690 _aReligion
906 _a001345
999 _c116622
_d116622